006740000a220012100045001000025000002450027000253000039000525200301000917730045003929420008004379520090004459990017005351 aPalacio M., Humberto10aTodo comienza por casa aVol.0, núm.0 (2007), Página 12 aDel viernes 24 al domingo 26 de agostose celebrará en Medellín la tercera versión del evento gastronómico Colombia provoca. Más que una feria de degustación se trata de una manera de reflexionar sobre temas culturales. En este caso, será la cocina parental. ¿De qué se trata?0 tArcadia / Andrés Felipe Solano, Editor cANA 001040708HEMaFUSBCbFUSBCd2016-01-26l0o r2016-01-26 00:00:00w2016-01-26yANA c62314d62314